| 000 | 00736nam a22002297a 4500 | ||
|---|---|---|---|
| 003 | LK-CoMWRAF | ||
| 005 | 20240120001557.0 | ||
| 008 | 240120b2009 |||||||| |||| 00| 0 eng d | ||
| 020 | _a 9789551772567 | ||
| 040 |
_aLK-CoMWRAF _dLK-CoMWRAF _eLK-CoMWRAF |
||
| 041 | _aeng | ||
| 082 |
_a363.3494 _bUYA |
||
| 100 | _aUyangoda, Jayadeva | ||
| 245 | _aTsunami and the politics of humanitarian emergency in Sri Lanka | ||
| 260 |
_aColombo: _bSocial Scientists' Association, _c2009 |
||
| 300 | _av, 21 p. : maps; 22cm. | ||
| 650 | _aIndian Ocean Tsunami- Sri Lanka | ||
| 650 | _aDisaster relief -- Political aspects -- Sri Lanka | ||
| 650 | _aDisaster victims -- Sri Lanka | ||
| 650 | _aTsunami damage -- Sri Lanka | ||
| 942 | _cBK | ||
| 999 |
_c4656 _d4656 |
||